| Tag |
First Indicator |
Second Indicator |
Subfields |
| LEADER |
00000cem a2200000Ia 4500 |
| 001 |
in00000855145 |
| 005 |
20220103180934.0 |
| 007 |
ar aanzn |
| 008 |
851101s1985 vaub af a f 1 eng d |
| 034 |
1 |
|
|a a
|b 2000000
|
| 035 |
|
|
|a (OCoLC)ocm12765726
|
| 035 |
|
|
|a (OCoLC)12765726
|
| 040 |
|
|
|a GIS
|b eng
|c GIS
|d GPO
|d SPI
|d OCL
|d OCLCQ
|d MTG
|d NRU
|d OCLCQ
|d OCLCF
|d OCLCO
|d OCLCQ
|d OCLCO
|d OCL
|d OKS
|d OCLCQ
|d FQG
|d WYU
|d AZU
|d CPS
|d OCLCO
|d OCLCQ
|d LHL
|d OCLCO
|d BUF
|d OCLCO
|d UtOrBLW
|
| 043 |
|
|
|a zma----
|
| 049 |
|
|
|a TXAM
|
| 050 |
|
4 |
|a G3701s.C5 var.
|b .U52, I-1628 (VF-Sci)
|
| 052 |
|
|
|a 3182
|b M3
|
| 074 |
|
|
|a 619-G-8
|
| 082 |
0 |
4 |
|a 557.3
|b I 19.91 no. I-1628
|
| 086 |
0 |
|
|a I 19.91:I-1628 (MC-30 G)
|
| 086 |
0 |
|
|a I 19.91:I-1628
|
| 110 |
2 |
|
|a Geological Survey (U.S.)
|0 http://id.loc.gov/authorities/names/n80092173
|
| 245 |
1 |
0 |
|a Atlas of Mars, 1:2,000,000 topographic series.
|n MC-30 G,
|p Controlled photomosaic of the Mare Australe G quadrangle of Mars /
|c Department of the Interior, U.S. Geological Survey ; prepared for the National Aeronautics and Space Administration.
|
| 246 |
3 |
|
|a Mare Australe G quadrangle of Mars
|
| 246 |
3 |
|
|a Controlled photomosaic of the Mare Australe G quadrangle of Mars
|
| 255 |
|
|
|a Scale 1:2,000,000 (1 mm = 2 km) at -75,008° ;
|b Polar stereographic projection.
|
| 264 |
|
1 |
|a Reston, Va. :
|b The Survey,
|c 1985.
|
| 264 |
|
2 |
|a Arlington, Va. :
|b For sale by Branch of Distribution, USGS.
|
| 300 |
|
|
|a 1 remote-sensing image ;
|c 39 x 58 cm, on sheet 87 x 62 cm, folded in envelope 30 x 24 cm
|
| 336 |
|
|
|a cartographic image
|b cri
|2 rdacontent
|
| 337 |
|
|
|a unmediated
|b n
|2 rdamedia
|
| 338 |
|
|
|a sheet
|b nb
|2 rdacarrier
|
| 490 |
1 |
|
|a Miscellaneous investigations series ;
|v map I-1628 (MC-30 G)
|
| 500 |
|
|
|a Coordinates shown as W 225°--W 180°/S -65°--S -77.5°.
|
| 500 |
|
|
|a Relief shown by shading.
|
| 500 |
|
|
|a "Prepared on behalf of the Mars Data Analysis Program, Planetary Division, Office of Space Science, National Aeronautics and Space Administration under contract W-14,575."
|
| 500 |
|
|
|a Locator and index maps on sheet.
|
| 500 |
|
|
|a "M 2M -71/203 CM."
|
| 500 |
|
|
|a Cartographic material.
|
| 651 |
|
0 |
|a Mars (Planet)
|v Maps.
|0 http://id.loc.gov/authorities/subjects/sh85081559
|
| 651 |
|
7 |
|a Mars (Planet)
|2 fast
|0 (OCoLC)fst01243063
|
| 655 |
|
7 |
|a Remote-sensing maps.
|2 lcgft
|0 http://id.loc.gov/authorities/genreForms/gf2011026531
|
| 655 |
|
7 |
|a Remote-sensing maps.
|2 fast
|0 (OCoLC)fst01423695
|
| 655 |
|
7 |
|a Maps.
|2 fast
|0 (OCoLC)fst01423704
|
| 710 |
1 |
|
|a United States.
|b National Aeronautics and Space Administration.
|0 http://id.loc.gov/authorities/names/n78087581
|
| 710 |
1 |
|
|a United States.
|b Office of Space Science.
|b Planetary Division.
|0 http://id.loc.gov/authorities/names/n85075329
|
| 830 |
|
0 |
|a Miscellaneous investigations series (Geological Survey (U.S.)) ;
|v map I-1628 (MC-30 G)
|0 http://id.loc.gov/authorities/names/n86712504
|
| 994 |
|
|
|a C0
|b TXA
|
| 999 |
f |
f |
|s 93b6a126-8083-3722-af24-d1c371dcee83
|i 5832a7ad-3c8c-3e87-9fcc-c94c3b25c06a
|t 0
|
| 952 |
f |
f |
|p normal
|a Texas A&M University
|b College Station
|c Sterling C. Evans Library
|d Evans: Maps File (2nd floor)
|t 0
|e I 19.91:I-1628
|h Superintendent of Documents classification
|i unmediated -- sheet
|m A14818103534
|
| 998 |
f |
f |
|a I 19.91:I-1628
|t 0
|l Evans: Maps File (2nd floor)
|